| 000 | 01519nam0a22003011 4500 | ||
|---|---|---|---|
| 001 | v19\rc\1317493 | ||
| 005 | 20250618034538.0 | ||
| 035 | _a(NLR Aleph) 004472992 | ||
| 090 |
_a4570365 _c4570365 |
||
| 100 | _a20060512f19001909|||y0rusy50 ca | ||
| 101 | 0 | _arus | |
| 102 | _aRU | ||
| 105 | _ay z ||||| | ||
| 200 | 1 |
_aРеволюционная журналистика семидесятых годов _f[С предисл. В. Богучарского] |
|
| 210 |
_aРостов-на-Дону _cДонская речь _d190- |
||
| 215 |
_a[2], 312 с. _d24 |
||
| 225 | 1 |
_aРусская историческая библиотека _v№ 7 [!8] |
|
| 311 | _a2-е прил. к сборникам "Государственные преступления в России", изд. под ред. Б. Базилевского (В. Богучарского) | ||
| 422 | 0 |
_12001#$aГосударственные преступления в России$fИзд. под ред. Б. Базилевского (В. Богучарского) _1702#1$aБогучарский$bВ.Я.$f1861-1915$gВасилий Яковлевич$4340 _tГосударственные преступления в России |
|
| 702 | 1 |
_aБогучарский _bВ. _f1860 или 1861-1915 _4340 _4080 |
|
| 702 | 1 |
_aБазилевский _bБ. _4340 |
|
| 801 | 0 |
_aRU _bNLR _gpsbo |
|
| 801 | 1 |
_aRU _bProSoft-M _2rusmarc |
|
| 852 |
_aNLR _j37.31.6.1(8) |
||
| 852 |
_aNLR _j34-18/543(8) |
||
| 852 |
_aNLR _bМф _jК1/6176 |
||
| 942 | _cBOOK | ||
| 980 | _aNB | ||